000 00639nam a2200241Ia 4500
003 OSt
005 20221007080423.0
006 a|||||r|||| 00| 0
007 ta
008 221006b |||||||| |||| 00| 0 eng d
020 _a8175340312
_cRs. 350/-
024 _a9,679
037 _cTextual
040 _aFLL
_cFLL
_beng
041 _2eng
_aeng
082 _aZ2:81, N7
100 _aRao P.C.
245 0 _aAlternative dispute resolution
260 _aNew Delhi
_bUniversal Law Publishing Co. Pvt. Ltd. India
_c1997
300 _axvi,448p
_ccm.
942 _hZ2:81, N7
_cTEXL
_2CC
999 _c1159556
_d1159556